Sports Quiz

Random Sports or MLB Quiz
Score 0/8 Timer 03:00
0 Plays Today
Position Player % Correct
First BaseTodd Helton
98.8%
Right FieldLarry Walker
92.9%
Third BaseVinny Castilla
78.7%
Left FieldMatt Holliday
78.2%
Second BaseEric Young
58.2%
ShortstopNeifi Perez
39.7%
Center FieldJuan Pierre
38.6%
CatcherJeff Reed
15.6%

You're not logged in!

Compare scores with friends on all Sporcle quizzes.
OR
Log In

Sporcle TV

Today on Sporcle TV


Watch our educational content, quiz creation guides, and fun videos on Sporcle TV.

Show Comments

Extras

Top Quizzes Today


Score Distribution

Paid Content

Your Account Isn't Verified!

In order to create a playlist on Sporcle, you need to verify the email address you used during registration. Go to your Sporcle Settings to finish the process.

Report this User

Report this user for behavior that violates our Community Guidelines.

Details: